000
00279nam a22001217a 4500
020
_a
IS; 11234
041
_a
ENG
245
_a
Test Code For Power Thresher For Groundnut
260
_a
New Delhi
_b
BIS
_c
1985
300
_a
24
650
_a
BIS Tist Code
856
_u
BIS Tist Code
999
_c
2158
_d
2158